<?xml version="1.0" encoding="UTF-8"?><?xml-stylesheet type="text/xsl" href="static/style.xsl"?><OAI-PMH xmlns="http://www.openarchives.org/OAI/2.0/" xmlns:xsi="http://www.w3.org/2001/XMLSchema-instance" xsi:schemaLocation="http://www.openarchives.org/OAI/2.0/ http://www.openarchives.org/OAI/2.0/OAI-PMH.xsd"><responseDate>2026-04-27T20:01:21Z</responseDate><request verb="GetRecord" identifier="oai:uvadoc.uva.es:10324/7860" metadataPrefix="marc">https://uvadoc.uva.es/oai/request</request><GetRecord><record><header><identifier>oai:uvadoc.uva.es:10324/7860</identifier><datestamp>2022-05-06T16:40:04Z</datestamp><setSpec>com_10324_38</setSpec><setSpec>col_10324_787</setSpec></header><metadata><record xmlns="http://www.loc.gov/MARC21/slim" xmlns:doc="http://www.lyncode.com/xoai" xmlns:xsi="http://www.w3.org/2001/XMLSchema-instance" xmlns:dcterms="http://purl.org/dc/terms/" xsi:schemaLocation="http://www.loc.gov/MARC21/slim http://www.loc.gov/standards/marcxml/schema/MARC21slim.xsd">
<leader>00925njm 22002777a 4500</leader>
<datafield tag="042" ind1=" " ind2=" ">
<subfield code="a">dc</subfield>
</datafield>
<datafield tag="720" ind1=" " ind2=" ">
<subfield code="a">Rodríguez Sáez, Sandra</subfield>
<subfield code="e">author</subfield>
</datafield>
<datafield tag="260" ind1=" " ind2=" ">
<subfield code="c">2013</subfield>
</datafield>
<datafield tag="520" ind1=" " ind2=" ">
<subfield code="a">El siguiente trabajo trata sobre la evaluación de riesgos ergonómicos debidos a posturas forzadas, movimientos repetitivos y manipulación manual de cargas, mediante el llamado método RULA ( Rapid Upper Limb Assessment ) en una empresa de automoción.En dicho trabajo se describe el procedimiento a seguir para evaluar la calidad postural en diversos puestos de trabajo de la empresa y la elaboración de un plan de acción que ayude a disminuir o erradicar por completo los trastornos musculoesqueléticos relacionados con la actividad de la empresa.</subfield>
</datafield>
<datafield tag="024" ind2=" " ind1="8">
<subfield code="a">http://uvadoc.uva.es/handle/10324/7860</subfield>
</datafield>
<datafield ind1=" " ind2=" " tag="653">
<subfield code="a">Seguridad en el trabajo</subfield>
</datafield>
<datafield ind1=" " ind2=" " tag="653">
<subfield code="a">Riesgos laborales</subfield>
</datafield>
<datafield ind1=" " ind2=" " tag="653">
<subfield code="a">Ergonomia</subfield>
</datafield>
<datafield tag="245" ind1="0" ind2="0">
<subfield code="a">Evaluación de riesgos ergonómicos mediante el Método RULA</subfield>
</datafield>
</record></metadata></record></GetRecord></OAI-PMH>